| 000 | 00465nam a2200145 4500 | ||
|---|---|---|---|
| 001 | 107770 | ||
| 003 | ES-MaACL | ||
| 007 | t| | ||
| 008 | 061121s1944 sp r ||||1| spa d | ||
| 245 | 0 | 3 |
_aEl motor en la guerra / _cEscuela de Automovilismo del Ejército. |
| 260 |
_aMadrid : _b[s.n.], _c1944 ( _fSucesores de Rivadeneyra) |
||
| 300 |
_a429 p. : _bil. ; _c23 cm. |
||
| 710 | 2 |
_aEscuela de Automovilismo del Ejército. _93530 |
|
| 852 |
_aES-MaACL _jC-5898 _bR.32985 |
||
| 999 |
_c107770 _d107770 |
||